| 000 | 01296nmc a2200457 a 4500 | ||
|---|---|---|---|
| 003 | AR-BaBNM | ||
| 005 | 20251128203255.0 | ||
| 008 | 256019s1965 ||||||||||||||000 | spa|| | ||
| 040 | _cAR-BaBNM | ||
| 100 | 1 | _aGiusti, Roberto F. | |
| 245 | 1 | 0 |
_aVisto y vivido _banécdotas, semblanzas, confesiones y batallas |
| 260 |
_aBuenos Aires _bLosada _c1965 |
||
| 300 | 0 | _a339 p. | |
| 490 | 0 | _aCristal del tiempo | |
| 500 | 0 | _aContiene índice en p. 339-340 | |
| 600 | 1 | 4 | _aPayró, Roberto J. |
| 600 | 1 | 4 |
_aIngenieros, José _d1877-1925 |
| 600 | 1 | 4 | _aQuiroga, Horacio |
| 600 | 1 | 4 | _aStorni, Alfonsina |
| 600 | 1 | 4 | _aSánchez, Florencio |
| 600 | 1 | 4 | _aCarriego, Evaristo |
| 600 | 1 | 4 | _aSoussens, Charles De |
| 600 | 1 | 4 | _aBecher, Emilio |
| 600 | 1 | 4 | _aLynch, Benito |
| 600 | 1 | 4 | _aRomero, Francisco |
| 600 | 1 | 4 |
_aKorn, Alejandro _d1860-1936 |
| 600 | 1 | 4 | _aPeña, David |
| 600 | 1 | 4 |
_aXul Solar, Alejandro _d1887-1963 |
| 600 | 1 | 4 | _aRojas, Ricardo |
| 650 | 4 | _aLITERATURA ARGENTINA | |
| 650 | 4 | _aANALISIS LITERARIO | |
| 650 | 4 | _aVIDA LITERARIA | |
| 650 | 4 | _aAUTOBIOGRAFIAS | |
| 650 | 4 | _aBIOGRAFIAS | |
| 650 | 4 | _aVIDA POLITICA | |
| 651 | 4 | _aBuenos Aires [Provincia] | |
| 653 | 0 | _aCENTENARIO DE LA REVOLUCION DE MAYO | |
| 655 | _aLITERATURA | ||
| 942 | _cBK | ||
| 998 | _cisola | ||
| 999 |
_c2661 _d2661 |
||